По морю прочь: роман; пер. с англ.

Λεπτομέρειες βιβλιογραφικής εγγραφής
Κύριος συγγραφέας: Вульф В. Вирджиния
Άλλοι συγγραφείς: Осокин А. Артем (переводчик)
Περίληψη:Вирджиния Вулф (1882—1941) — всемирно известная писательница, критик и теоретик модернизма. «По морю прочь» — первый роман Вулф. Его персонажи отправляются за океан, чтобы отдохнуть на побережье Южной Америки. Главная героиня, юная Рэчел Винрэс, сталкивается с разными людьми — политиками, писателями, учеными. Она узнает жизнь, испытывает первое чувство, а потом и настоящую любовь и начинает понимать, что в человеческих отношениях ценно, а что — не более чем мишура.
Γλώσσα:Ρωσικά
Έκδοση: Москва, Текст, 2005
Σειρά:Текст: Классика
Θέματα:
Μορφή: MixedMaterials Βιβλίο
KOHA link:https://koha.lib.tpu.ru/cgi-bin/koha/opac-detail.pl?biblionumber=111206

MARC

LEADER 00000nam0a2200000 4500
001 111206
005 20231101215001.0
010 |a 5751604504 
035 |a (RuTPU)RU\TPU\book\120099 
090 |a 111206 
100 |a 20070312d2005 m y0rusy50 ca 
101 1 |a rus  |c eng 
102 |a RU 
105 |a y z 000ay 
200 1 |a По морю прочь  |e роман  |e пер. с англ.  |f В. Вулф  |g пер. А. Осокина 
210 |a Москва  |c Текст  |d 2005 
215 |a 396 с. 
225 1 |a Текст: Классика 
330 |a Вирджиния Вулф (1882—1941) — всемирно известная писательница, критик и теоретик модернизма. «По морю прочь» — первый роман Вулф. Его персонажи отправляются за океан, чтобы отдохнуть на побережье Южной Америки. Главная героиня, юная Рэчел Винрэс, сталкивается с разными людьми — политиками, писателями, учеными. Она узнает жизнь, испытывает первое чувство, а потом и настоящую любовь и начинает понимать, что в человеческих отношениях ценно, а что — не более чем мишура. 
610 1 |a английская литература 
610 1 |a романы 
675 |a 82  |v 3 
700 1 |a Вульф  |b В.  |c английская писательница  |c литературный критик  |f 1881-1941  |g Вирджиния  |2 stltpush  |3 (RuTPU)RU\TPU\pers\37690  |4 070  |9 20484 
702 1 |a Осокин  |b А.  |g Артем  |4 730 
801 1 |a RU  |b 63413507  |c 20070312  |g PSBO 
801 2 |a RU  |b 63413507  |c 20161221  |g PSBO 
942 |c BK 
959 |a 25/20070301  |d 1  |e 110,11  |f ХФ:1